Welsh Local Government Association (Record no. 120236)

MARC details
000 -LEADER
fixed length control field 00709cam a2200181 4500
001 - CONTROL NUMBER
control field WS121385
008 - FIXED-LENGTH DATA ELEMENTS--GENERAL INFORMATION
fixed length control field 030218n 000 0 eng u
035 ## - SYSTEM CONTROL NUMBER
System control number (Sirsi) u121385
110 ## - MAIN ENTRY--CORPORATE NAME
Corporate name or jurisdiction name as entry element Welsh Local Government Association
9 (RLIN) 4409
245 ## - TITLE STATEMENT
Title Welsh Local Government Association
520 ## - SUMMARY, ETC.
Summary, etc. Web site for this organisation which represents the interests of local authorities in Wales. Includes details of publications and meetings. Includes web links to all the Welsh local authorities.
650 ## - SUBJECT ADDED ENTRY--TOPICAL TERM
Topical term or geographic name entry element WALES
650 ## - SUBJECT ADDED ENTRY--TOPICAL TERM
Topical term or geographic name entry element ORGANISATION
650 ## - SUBJECT ADDED ENTRY--TOPICAL TERM
Topical term or geographic name entry element LOCAL AUTHORITIES
690 ## - LOCAL SUBJECT ADDED ENTRY--TOPICAL TERM (OCLC, RLIN)
Topical term or geographic name as entry element LOCAL GOVERNMENT
856 40 - ELECTRONIC LOCATION AND ACCESS
Uniform Resource Identifier <a href="https://www.wlga.gov.uk">https://www.wlga.gov.uk</a>
Public note View the website free of charge at www.wlga.gov.uk...
942 ## - ADDED ENTRY ELEMENTS (KOHA)
Suppress in OPAC 0
Holdings
Withdrawn status Lost status Source of classification or shelving scheme Damaged status Not for loan Home library Current library Shelving location Date acquired Total Checkouts Full call number Barcode Date last seen Copy number Price effective from Koha item type
    Dewey Decimal Classification     Virtual Virtual Online 18/02/2003   WEB SITE 121385-2001 06/08/2019 1 06/08/2019 Online material